1643 1942 1439 1863 1181 1001 1631 1163 1884 1515 1497 1108 1212 1996 1143 1934 1547 1399 1484 1656 1368 1379 1642 1386 1646 1393 1350 1543 1112 1549 1165 1040 1357 1698 1702 1507 1009 1068 1429 1177 1355 1217 1071 1268 1298 1439 1299 1175 1920 1498 1226 1692 1891 1889 1215 1394 1636 1277 1370 1892 1363 1132 1811 1320 1181 1353 1823 1645 1806 1032 1599 1593 1036 1943 1416 1076 1164 1442 1517 1706 1581 1107 1103 1116 1285 1931 1574 1120 1393 1016 1897 1588 1302 1035 1794 1518 1801 1777 1377 BCNSPRNW ULIB Ver.6.0+V

เปลี่ยนเป็นภาษาไทย

Change to English
 แสดงรายละเอียดบรรณานุกรม
  กลับหน้าหลัก

Brief Record : Get Marc (ISO 2709) : E-mail record : QR code < ปิดหน้าต่าง
LEADER : 00000nam 2200000uu 4500
001    13399113775
003     ULIB
008    111227s2551||||th 000 0 tha d
020    ^a9789748133583
060 04 ^aWY154^bม140ก 2551
245 00 ^aการพยาบาลหญิงตั้งครรภ์ :^bที่มีภาวะแทรกซ้อนจากการตั้งครรภ์/^cมณีภรณ์ โสมานุสรณ์, บรรณาธิการ ; ดวงฤทัย ศรีสุจริต, ผู้เรียบเรียง ... [และคนอื่นๆ]
250    ^aพิมพ์ครั้งที่ 1
260    ^aนนทบุรี :^bโครงการสวัสดิการวิชาการ สถาบันพระบรมราชชนกสถาบันพระบรมราชชนก,^c2551
300    ^a215 หน้า :^bภาพประกอบ ;^c26 ซม.
650  7 ^aการพยาบาลสูติศาสตร์
650  7 ^aครรภ์^xการพยาบาล
650  7 ^aภาวะแทรกซ้อนขณะมีครรภ์^xการพยาบาล
650  7 ^aสตรีมีครรภ์^xการพยาบาล
700 0  ^aมณีภรณ์ โสมานุสรณ์,^eบรรณาธิการ
700 0  ^aดวงฤทัย ศรีสุจริต
710 2  ^aสถาบันพระบรมราชชนก. ^bโครงการสวัสดิการวิชาการ
945    ^p295^l0^i15610
945    ^p295^l0^i15608
995    ^aกัณชพร
999    ^aใช้งานได้ทุกระบบ
รายการนี้ยังไม่มีแท็ก
คุณยังไม่ได้ล็อกอิน คุณสามารถมีกิจกรรมร่วมกับเว็บไซต์ได้ แต่ต้องล็อกอินก่อน ::
  ล็อกอิน

รายการสื่อสารสนเทศ

ลำดับที่ ประเภท เลขเรียก/บาร์โค้ด สถานที่ สถานะ
1. วิทยาศาสตร์การแพทย์ และสุขภาพ
วิทยาศาสตร์การแพทย์ และสุขภาพ
WY154 ม140ก 2551  
  Barcode: 15610
ห้องสมุดวิทยาเขตสวรรค์ประชารักษ์
►ส่วนจัดเก็บหนังสือเก่า สปร
บนชั้น
  ขอยืม
2. วิทยาศาสตร์การแพทย์ และสุขภาพ
วิทยาศาสตร์การแพทย์ และสุขภาพ
WY154 ม140ก 2551 ฉ.2 
  Barcode: 15608
ห้องสมุดวิทยาเขตสวรรค์ประชารักษ์
►ส่วนจัดเก็บหนังสือเก่า สปร
บนชั้น
  ขอยืม

รายการใกล้เคียง
    หัวเรื่อง [การพยาบาลสูติศาสตร์]
    หัวเรื่อง [ครรภ์ การพยาบาล]
    หัวเรื่อง [สตรีมีครรภ์ การพยาบาล]

BibComment


ยังไม่เคยถูกคอมเมนท์

คอมเมนท์ทรัพยากรรายการนี้
  คอมเมนท์: การพยาบาลหญิงตั้..


 Copyright 2026. Bcnsprnw @Library